Thiết kế đường ô tô
Nội dung: ở tập này giới thiệu những cơ sở lí luận và các phương pháp tính toán thiết kế nền đường, mặt đường, hệ thống các công trình thoát nước trên đường ô tô.
সংরক্ষণ করুন:
| প্রধান লেখক: | |
|---|---|
| বিন্যাস: | গ্রন্থ |
| ভাষা: | Undetermined |
| প্রকাশিত: |
Hà Nội
Giáo dục Việt Nam
2017
|
| বিষয়গুলি: | |
| ট্যাগগুলো: |
ট্যাগ যুক্ত করুন
কোনো ট্যাগ নেই, প্রথমজন হিসাবে ট্যাগ করুন!
|
| Thư viện lưu trữ: | Trung tâm Học liệu Trường Đại học Cần Thơ |
|---|
| LEADER | 00936nam a2200217Ia 4500 | ||
|---|---|---|---|
| 001 | CTU_239805 | ||
| 008 | 210402s9999 xx 000 0 und d | ||
| 020 | |c 65000 | ||
| 082 | |a 625.725 | ||
| 082 | |b H103/T.2 | ||
| 100 | |a Dương, Học Hải | ||
| 245 | 0 | |a Thiết kế đường ô tô | |
| 245 | 0 | |c Dương Học Hải, Nguyễn Xuân Trục | |
| 260 | |a Hà Nội | ||
| 260 | |b Giáo dục Việt Nam | ||
| 260 | |c 2017 | ||
| 520 | |a Nội dung: ở tập này giới thiệu những cơ sở lí luận và các phương pháp tính toán thiết kế nền đường, mặt đường, hệ thống các công trình thoát nước trên đường ô tô. | ||
| 650 | |a Roads,Đường | ||
| 650 | |x Design and construction,Thiết kế và xây dựng | ||
| 904 | |i Hải | ||
| 980 | |a Trung tâm Học liệu Trường Đại học Cần Thơ | ||